Strategic market creation :a new perspective on marketing and innovation management / (Record no. 2156)

000 -LEADER
fixed length control field 00968cam a22002894a 4500
001 - CONTROL NUMBER
control field 16284957
003 - CONTROL NUMBER IDENTIFIER
control field OSt
005 - DATE AND TIME OF LATEST TRANSACTION
control field 20160622153809.0
008 - FIXED-LENGTH DATA ELEMENTS--GENERAL INFORMATION
fixed length control field 100615s2008 njua b 001 0 eng
010 ## - LIBRARY OF CONGRESS CONTROL NUMBER
LC control number 2008016872
020 ## - INTERNATIONAL STANDARD BOOK NUMBER
International Standard Book Number 9780470725092 (hbk.)
020 ## - INTERNATIONAL STANDARD BOOK NUMBER
International Standard Book Number 9780470694275 (pbk.)
040 ## - CATALOGING SOURCE
Original cataloging agency DLC
Transcribing agency DLC
Modifying agency DLC
050 00 - LIBRARY OF CONGRESS CALL NUMBER
Classification number HF5415.13.S8774 2008
082 00 - DEWEY DECIMAL CLASSIFICATION NUMBER
Classification number 658.8/02
Edition number 22
245 00 - TITLE STATEMENT
Title Strategic market creation :a new perspective on marketing and innovation management /
Statement of responsibility, etc edited by Karin Tollin and Antonella CarĂ¹.
260 ## - PUBLICATION, DISTRIBUTION, ETC. (IMPRINT)
Place of publication, distribution, etc Chichester [England] ;
-- Hoboken, NJ :
Name of publisher, distributor, etc Wiley,
Date of publication, distribution, etc c2008.
300 ## - PHYSICAL DESCRIPTION
Extent xxiv, 439 p. :
Other physical details ill. ;
Dimensions 25 cm.
504 ## - BIBLIOGRAPHY, ETC. NOTE
Bibliography, etc Includes bibliographical references and index.
650 #0 - SUBJECT ADDED ENTRY--TOPICAL TERM
Topical term or geographic name as entry element Marketing
General subdivision Management.
650 #0 - SUBJECT ADDED ENTRY--TOPICAL TERM
Topical term or geographic name as entry element Product management.
700 1# - ADDED ENTRY--PERSONAL NAME
Personal name Tollin, Karin.
700 1# - ADDED ENTRY--PERSONAL NAME
Personal name CarĂ¹, Antonella.
906 ## - LOCAL DATA ELEMENT F, LDF (RLIN)
a 7
b cbc
c orignew
d 2
e ncip
f 20
g y-gencatlg
942 ## - ADDED ENTRY ELEMENTS (KOHA)
Source of classification or shelving scheme
Koha item type Book
Holdings
Withdrawn status Lost status Source of classification or shelving scheme Damaged status Not for loan Home library Current library Shelving location Date acquired Total Checkouts Full call number Barcode Date last seen Copy number Price effective from Koha item type
          Riara University Library Riara University Library General stack 22/06/2016   HF5415.13.S8774 2008 7127/16 22/06/2016 C.1 22/06/2016 Book

Riara University Library,
P.O. Box 49940-00100,
Nairobi, Kenya.